عرض عادي
عرض مارك
- Urologic Surgical Procedures
مدخل مصطلح موضوعي
001 - رقم الضبط
- حقل الضبط: 13571
003 - معرف رقم الضبط
- حقل الضبط: OSt
005 - تاريخ ووقت أخر عملية
- حقل الضبط: 20120510162642.0
008 - عناصر بيانات ثابتة الطول
- حقل تحكم ثابت الطول: 120510|||a|||||| | ||| d
040 ## - مصدر الفهرسة
- هيئة الفهرسة الأصلية: OSt
- وكالة الكتابة: OSt
150 ## - مدخل-- مصطلح تاريخي
- عنصر مدخل المصطلح الموضوعي او الاسم الجغرافي: Urologic Surgical Procedures
- تفريع عام: methods.
670 ## - بيانات المصدر موجوده
- الاستشهاد بالمصدر: Work cat.: (OSt)0: Interventional Techniques in Uro-oncology /, 2011, ©2011.
